Dinozaury i inne prehistoryczne zwierzęta - Statystyki

Ogólne statystyki
  • Ten quiz został rozwiązany 68 razy
  • Średni wynik to 25 z 100
Statystyki odpowiedzi
Odpowiedź % Poprawnych
Tyranozaur
100%
Triceratops
88%
Ankylozaur
78%
Stegozaur
78%
Brachiozaur
76%
Welociraptor
75%
Spinozaur
73%
Diplodok
71%
Allozaur
65%
Karnotaur
63%
Argentynozaur
55%
Dilofozaur
55%
Utahraptor
51%
Kompsognat
49%
Parazaurolof
49%
Pteranodon
49%
Mozazaur
47%
Barionyks
45%
Ceratozaur
45%
Giganotozaur
43%
Iguanodon
43%
Pachycefalozaur
43%
Deinonych
39%
Suchomim
37%
Terizinozaur
37%
Gallimim
35%
Apatozaur
33%
Dimetrodon
31%
Kecalkoatl
31%
Albertozaur
29%
Plezjozaur
29%
Tarbozaur
29%
Edmontozaur
27%
Ichtiozaur
27%
Kentrozaur
27%
Mikroraptor
27%
Celofyz
25%
Karcharodontozaur
25%
Troodon
25%
Owiraptor
24%
Protoceratops
24%
Dimorfodon
22%
Pyroraptor
22%
Akrokantozaur
20%
Archeopteryks
20%
Mażungazaur
20%
Megalozaur
20%
Styrakozaur
20%
Amargazaur
18%
Deinozuch
18%
Gorgozaur
18%
Korytozaur
18%
Liopleurodon
18%
Pachyrinozaur
18%
Stygimoloch
18%
Torozaur
18%
Deinocheir
16%
Kamarazaur
16%
Kronozaur
16%
Majazaura
16%
Minmi
16%
Daspletozaur
14%
Herrerazaur
14%
Mamenchizaur
14%
Mapuzaur
14%
Nigerzaur
14%
Plateozaur
14%
Sarkozuch
14%
Atrociraptor
12%
Chasmozaur
12%
Nodozaur
12%
Elasmozaur
10%
Gigantoraptor
10%
Kriolofozaur
10%
Polakant
10%
Irritator
8%
Lystrozaur
8%
Monolofozaur
8%
Psitakozaur
8%
Uranozaur
8%
Driozaur
6%
Hatzegopteryks
6%
Metriakantozaur
6%
Ornitolest
6%
Strutiomim
6%
Tsintaozaur
6%
Zauropelta
6%
Euoplocefal
4%
Guanlong
4%
Ramforynch
4%
Wuerhozaur
4%
Ammozaur
2%
Dreadnoughtus
2%
Rugops
2%
Szunozaur
2%
Tyranotytan
2%
Citipati
0%
Edmontonia
0%
Notronych
0%
Pterodaustro
0%
Nie znaleziono quizów pasujących do podanych kryteriów
Rozkład punktacji
Procent ludzi z każdym wynikiem
Percentyl według liczby udzielonych odpowiedzi
Twoja historia wyników
Nie rozwiązałeś tego quizu